| 000 | 00841nam a2200217Ia 4500 | ||
|---|---|---|---|
| 999 |
_c40106 _d40106 |
||
| 001 | 6712 | ||
| 003 | GE_BSU | ||
| 005 | 20191211123628.0 | ||
| 008 | 181216s1964||||g |||||||||||||| ||g || | ||
| 040 | _cGE_BSU | ||
| 041 | _ageo | ||
| 080 | _a821.353.1-1 გ-30 | ||
| 100 |
_aგელოვანი, მირზა. _95783 |
||
| 245 |
_aუბის წიგნაკიდან : _bრჩეული / _cმირზა გელოვანი ; რედ. ვ. ბეწუკელი. |
||
| 264 |
_aთბილისი : _bსაბჭ.საქართველო, _c1964. |
||
| 300 |
_a290 გვ. : _bფოტო ; _c17 სმ. |
||
| 653 | _aრჩეული | ||
| 653 | _aუბის წიგნაკიდან | ||
| 700 |
_aბეწუკელი, ვ. _eრედაქტორი _95784 |
||
| 942 |
_cBK _2udc |
||